[Event "Recife Cacoal op"]
[Site "Recife"]
[Date "2024.06.01"]
[Round "2"]
[White "Lima, Luiz Carlos Rodrigu"]
[Black "Araujo, Everson de Moura"]
[Result "0-1"]
[WhiteElo "1678"]
[BlackElo "1935"]
[PlyCount "52"]
[EventDate "2024.05.31"]
[EventType "swiss"]
[EventRounds "6"]
[EventCountry "BRA"]
[SourceTitle "CBM 220 Extra"]
[Source "ChessBase"]
[SourceDate "2024.07.31"]
[SourceVersion "1"]
[SourceVersionDate "2024.07.31"]
[SourceQuality "1"]

1. c4 e5 2. Nc3 f5 3. e3 Nf6 4. d4 Nc6 5. Nge2 Be7 6. dxe5 Nxe5 7. Nf4 c6 8. Be2 0-0 9. 0-0 d6 10. b3 Ne4 11. Bb2 Nc5 12. b4 Ne6 13. Qc2 Bf6 14. Nd3 Nxc4 15. Rad1 Nxb2 16. Nxb2 d5 17. Bd3 Ng5 18. Ne2 Qe7 19. b5 c5 20. Nf4 Qe5 21. Na4 c4 22. Be2 Be6 23. Nxd5 Rac8 24. Nxf6+ Rxf6 25. Nc3 f4 26. Rd4 fxe3 0-1

[Event "Cacoal op"]
[Site "Cacoal"]
[Date "2022.12.18"]
[Round "6"]
[White "Lima, Luiz Carlos Rodrigu"]
[Black "Rocha, Jean Henrique da Cr"]
[Result "0-1"]
[WhiteElo "1800"]
[BlackElo "1323"]
[PlyCount "60"]
[EventDate "2022.12.16"]
[EventType "swiss"]
[EventRounds "6"]
[EventCountry "BRA"]
[SourceTitle "CBM 211 Extra"]
[Source "ChessBase"]
[SourceDate "2023.01.31"]
[SourceVersion "1"]
[SourceVersionDate "2023.01.31"]
[SourceQuality "1"]

1. d4 Nf6 2. c4 g6 3. Nc3 d5 4. cxd5 Nxd5 5. e4 Nxc3 6. bxc3 Bg7 7. Nf3 c5 8. Be3 Nc6 9. Bb5 0-0 10. Bxc6 bxc6 11. 0-0 cxd4 12. cxd4 c5 13. Rc1 cxd4 14. Bxd4 Bg4 15. Bxg7 Kxg7 16. Qb3 Be6 17. Qc3+ Kg8 18. Qe3 a6 19. Qh6 f6 20. Nh4 Rf7 21. Rc3 Rc8 22. Rg3 Qf8 23. Qe3 Bxa2 24. Nf5 Kh8 25. Nh4 e5 26. Rxg6 Rfc7 27. Rh6 Rc3 28. Qa7 Qxh6 29. Nf5 Qf8 30. Qxa6 Bc4 0-1